| 000 | 03976nam a2200433Ia 4500 | ||
|---|---|---|---|
| 001 | dia_3643 | ||
| 003 | CHAP | ||
| 005 | 20250430115808.0 | ||
| 007 | ta | ||
| 008 | 220601s2005 mx bd frm 001 0 spa d | ||
| 040 |
_amxchpua _cCHAP _erda |
||
| 041 | 0 |
_aspa _beng |
|
| 090 |
_aTesis _bH47 _c2005 |
||
| 100 | 1 | _aHernández Fernández, Bertha Pamela | |
| 240 | 1 | 0 |
_aTechnical economical study of feasibility for the creation of an agroindustrial plant of coffee (Coffea arabica L.) in Huastusco, Veracruz. _lEspañol |
| 245 | 1 | 0 |
_aEstudio de factibilidad técnico-económico para la creación de una planta agroindustrial de café (Coffea arabica) en Huatusco, Veracruz / _cBertha Pamela Hernández Fernández |
| 264 |
_aChapingo, México : _bEl autor, _c2005 |
||
| 300 |
_axii, 106 hojas : _bmapas, gráficas, diagramas, tablas |
||
| 336 |
_2rdacontent _atexto _btxt |
||
| 337 |
_2rdamedia _ano mediado _bn |
||
| 338 |
_2rdacarrier _avolumen _bnc |
||
| 502 |
_aTesis _b(Ingeniero Agroindustrial) -- _cUACh, Departamento de Ingenieria Agroindustrial, _d2005 |
||
| 504 | _aBibliografía: hojas 85-86 | ||
| 520 | 3 | _aEl presente trabajo se realizó con el propósito de formular y evaluar un proyecto técnico-económico para la creación de una planta agroindustrial para el procesamiento de café (coffea arabica L.) producido en la Región de Huatusco, desde una perspectiva de conservación de los recursos naturales que hacen posible la cafeticultura, aunado a una mayor equidad social para los productores menos favorecidos del sector, quienes están pasando en estos tres últimos años una catástrofe económica y social. El proyecto impactara de manera importante en la economía de dicha región beneficiando a 509 socios (422 hombres y 87 mujeres), que contribuyen con un total de 1,026 has plantadas con cafetal; además de otros 87 grupos que suman un total de 2,168 productores con aproximadamente 5000 has de cafetal en la región; igualmente generara aproximadamente 130 empleos en la industria. De los resultados obtenidos por los indicadores económicos (VAN= $62,057,779.94, TIR= 65.50% y R B/C= 1.47) se dictamina que el proyecto es técnica y económicamente viable. -- | |
| 520 | 3 | _aThe present work I am made in order to formulate and to evaluate an technicaleconomic project for the creation of an agro-industrial plant for the processing of coffee (coffea arabica L) produced in the Region of Huatusco, from a perspective of conservation of the natural resources that make the cafeticultura possible, combined to a greater social fairness for the favored producers less of the sector, that are passing in these three last years an economic and social catastrophe. The project was affecting in an important way the economy of the above mentioned region benefiting 509 associates (422 men and 87 women), that add a whole of 1,026 you have planted with coffee field; besides other 87 groups that add a whole of 2,168 producers with approximately 5000 you have of coffee field in the region; equally it was generating approximately 130 employments in the industry. Of the results obtained by the economic indicators (VAN = $62, 057, 779.94, TIR = 65.50% and R BC = 1.47) is considered that the project is technical and economically viable. | |
| 650 | 1 | 3 |
_aCafé _xIndustria _zMéxico _zVeracruz _2atg |
| 650 | 1 | 3 |
_aCafé _xIniciativa empresarial _zMéxico _zVeracruz _2atg |
| 650 | 1 | 3 |
_aCoffee (beverage) _xIndustry _zMexico _zVeracruz _2atg |
| 650 | 1 | 3 |
_aCoffee (beverage) _xEntrepreneurship _zMexico _zVeracruz _2atg |
| 700 | 1 |
_aCruz Garza, Roberto Angel _edirector |
|
| 700 | 1 |
_aGarcía Chávez, Luis Ramiro _easesor |
|
| 700 | 1 |
_aSuárez Espinosa, Carlos _easesor |
|
| 856 | 4 | 1 |
_uhttp://10.13.5.2/tesis/103341.pdf _yDESCARGAR PDF |
| 901 | _aTESIS H47 2005 | ||
| 902 | _aM | ||
| 905 | _a0000002005 mx 0000000000spa00 | ||
| 942 |
_cTESIS _2Clasificación Universidad Autónoma Chapingo |
||
| 999 |
_c209363 _d209363 |
||